UM Logo

A full-feedforward technique to mitigate the grid distortion effect on parallel grid-tied inventers / (Record no. 19600)

MARC details
000 -LEADER
fixed length control field 01139nam a22002417a 4500
003 - CONTROL NUMBER IDENTIFIER
control field OSt
005 - DATE AND TIME OF LATEST TRANSACTION
control field 20250827173503.0
008 - FIXED-LENGTH DATA ELEMENTS--GENERAL INFORMATION
fixed length control field 240312b ||||| |||| 00| 0 eng d
040 ## - CATALOGING SOURCE
Transcribing agency 0
082 ## - DEWEY DECIMAL CLASSIFICATION NUMBER
Classification number DPer 621.317 Ie21 July 2022 v. 37 n. 7
100 ## - MAIN ENTRY--PERSONAL NAME
Personal name Khajeh, Kiarash Gharani.
Relator term author.
9 (RLIN) 54335
245 ## - TITLE STATEMENT
Title A full-feedforward technique to mitigate the grid distortion effect on parallel grid-tied inventers /
Statement of responsibility, etc. Kiarash Gharani Khajeh, Farzad Farajizadeh, Davood Solatialkaran, Firuz Zare, Jalil Yaghoobi, and Nadarajah Mithulanathan.
260 ## - PUBLICATION, DISTRIBUTION, ETC. (IMPRINT)
Place of publication, distribution, etc. New York ;
Name of publisher, distributor, etc. The Institute of Electrical and Electronics Engineers, Inc. ,
Date of publication, distribution, etc. July 2022.
300 ## - PHYSICAL DESCRIPTION
Extent volume 37, pages 8404-8419 :
Other physical details illustration ;
Dimensions 28 cm.
500 ## - GENERAL NOTE
General note IEEE Transactions on Power Electronics, vol. 37, no. 7, pages 8404-8419, July 2022.
700 ## - ADDED ENTRY--PERSONAL NAME
Personal name Khajeh, Kiarash Gharani.
Relator term author.
9 (RLIN) 54335
700 ## - ADDED ENTRY--PERSONAL NAME
Personal name Farajizadeh, Farzad.
Relator term author.
9 (RLIN) 54336
700 ## - ADDED ENTRY--PERSONAL NAME
Personal name Solatialkaran, Davood.
Relator term author.
9 (RLIN) 54337
700 ## - ADDED ENTRY--PERSONAL NAME
Personal name Zare, Firuz.
Relator term author.
9 (RLIN) 54338
700 ## - ADDED ENTRY--PERSONAL NAME
Personal name Yaghoobi, Jalil.
Relator term author.
9 (RLIN) 54339
700 ## - ADDED ENTRY--PERSONAL NAME
Personal name Mithulanathan, Nadarajah.
Relator term author.
9 (RLIN) 54340
942 ## - ADDED ENTRY ELEMENTS (KOHA)
Source of classification or shelving scheme Dewey Decimal Classification
Koha item type Periodicals
Holdings
Withdrawn status Lost status Source of classification or shelving scheme Damaged status Not for loan Collection code Home library Current library Date acquired Total Checkouts Full call number Date last seen Price effective from Koha item type Public note
    Dewey Decimal Classification     Periodicals UM Digos College - LIC UM Digos College - LIC 03/12/2024   DPer 621.317 Ie21 July 2022 v.37 n. 7 03/12/2024 03/12/2024 Periodicals Periodical Article